000 01035nam a2200289 a 4500
001 49261
003 BD-RjUL
005 20211209054645.0
008 770901s1978 moua bp 000 0 eng
020 _a080165243X
035 _a(BD-RjUL)49380
040 _aDLC
_cDLC
_dDLC
_dBD-RjUL
_beng
041 _aeng
082 0 0 _a610.73
_223
_bVIP 1978
100 1 _aVitale, Barbara Ann,
_d1944-
_9213147
245 1 2 _aA problem solving approach to nursing care plans :
_ba program /
_cBarbara Ann Vitale, Nancy Schultz Latterner, Patricia Mary Nugent.
250 _a2nd ed.
260 _aSaint Louis :
_bMosby,
_c1978.
300 _axi, 134 p. :
_bill. ;
_c26 cm.
504 _aBibliography: p. 129.
650 0 _aNursing care plans
_xProgrammed instruction.
_9219439
650 2 _aNursing
_xProgrammed texts.
_9219440
650 2 _aPatient care planning
_xProgrammed texts.
_9219441
700 1 _aLatterner, Nancy Schultz,
_d1942-
_ejoint author.
_9219442
700 1 _aNugent, Patricia Mary,
_d1944-
_ejoint author.
_9219443
942 _2ddc
_cBK
999 _c49261
_d49261